000 00934nam a2200217Ia 4500
003 GCL
008 140319s9999 xx 000 0 ara d
040 _aGCL /
_cGCL
082 0 4 _aم
_b922.1
_bح ا
100 1 _aابن حجر العسقلانى : بدر الدين ابو المعالى محمد بن احمد بن على
245 1 0 _aالاصابة فى تمييز الصحابة /
_cابن حجر العسقلانى : بدر الدين ابو المعالى محمد بن احمد بن على
260 _aالقاهرة :
_bدار نهضة مصر للطبع والنشر
300 _aمتعدد الترقيم ؛
_c25 سم
490 _aمكتبة الدراسات الاسلامية
_v0
650 0 4 _aالاسلام
650 0 4 _aالصحابة
650 0 4 _aالاسلام - تراجم
650 0 4 _aالصحابة والتابعون
650 0 4 _aالصحابة والتابعون - تراجم
942 _2ddc
_cBK
999 _c54007
_d54007